000 01185nam0a2200325 4500
001 RU\NLR\BIBL_A\012340681
005 20200930150322.0
010 _a978-5-6043714-6-6
021 _aRU
_bКН-П-20-027513
_9КН-П-20-2123
035 _a(NLR Aleph) 012340681
035 _a(RuMoRGB)010331330
090 _a11520424
_c11520424
100 _a20200921d2020 u y0rusy50 ca
101 0 _arus
102 _aRU
105 _aa|||z|||000ay
181 0 _ai
_baxxe
182 0 _an
200 1 _aСказки, стихи и загадки
_e[для чтения взрослыми детям дошкольного возраста и самостоятельного чтения школьниками]
_fВкитор Кухаркин
203 _aТекст
_bвизуальный
_cнепосредственный
210 _aМосква
_cПМГ
_d2020
215 _a139 с.
_cцв. ил.
_d22
686 0 _aШ9(2)60=Р7я44
700 1 _aКухаркин
_bВ. М.
_gВиктор Михайлович
942 _cBOOK
980 _aNBR
980 _aNB